000 00586nam a2200193Ia 4500
003 GCL
008 140319s9999 xx 000 0 eng d
040 _aGCL /
_cGCL
082 0 4 _aVC
_b791.43
_bL J
100 1 _aBATO, CONNOR
245 1 0 _aTHE JANUARY MAN : ( VIDEO RECORDING ) :
_bالنغمة القاتلة /
_cBATO, CONNOR
700 1 _aGRANT, FAYE
260 _aالقاهرة :
_bEGYPTIAN HOME ENTERTAINMENT ،
_c1990
300 _a1\2 INCH:
_bCOL. ؛
_c1 FILM ( 135 MIN )
650 0 4 _aMOTION PICTURES
650 0 4 _aVIDEO TAPES
650 0 4 _aACTION FILMS
942 _2ddc
_cVM
999 _c16583
_d16583